Normal view
MARC view
Entry Topical Term
001 - CONTROL NUMBER
- control field: 48481
003 - CONTROL NUMBER IDENTIFIER
- control field: ARRUPE
005 - DATE AND TIME OF LATEST TRANSACTION
- control field: 20191112094404.0
008 - FIXED-LENGTH DATA ELEMENTS
- fixed length control field: 191112|| aca||aabn | a|a d
040 ## - CATALOGING SOURCE
- Original cataloging agency: ARRUPE
- Transcribing agency: ARRUPE
150 ## - HEADING--TOPICAL TERM
- Topical term or geographic name as entry element: Land reform
- General subdivision: Directories
- Geographic subdivision: Africa, Eastern
670 ## - SOURCE DATA FOUND
- Source citation: Work cat.: (ARRUPE): NGOs and land advocacy in Eastern and Southern Africa, 1990